| 000 | 01072cam a22002655u 4500 | ||
|---|---|---|---|
| 999 |
_c7171 _d7171 |
||
| 003 | EG-ScBUE | ||
| 005 | 20200118093506.0 | ||
| 008 | 110403n ua f b 000 0 ara d | ||
| 040 |
_aEG-SCBUE _bara _erda _cEG-SCBUE _dEG-SCBUE |
||
| 082 | 0 | 4 |
_a892.7090034 _bس ل ا _222 |
| 100 | 1 |
_aسلام، محمد زغلول، _eمؤلف. _915324 |
|
| 245 | 1 | 2 |
_aالأدب في العصر الفاطمي : _bالكتابة والكتاب / _c.دكتور محمد زغلول سلام |
| 264 | 1 |
_aالإسكندرية : _bمنشأة المعارف، _c[تاريخ النشر غير محدد] |
|
| 300 |
_a522 صفحة ؛ _c24 سم |
||
| 336 |
_2rdacontent _aنص _btxt |
||
| 337 |
_2rdamedia _aبدون وسيط _bn |
||
| 338 |
_2rdacarrier _aمجلد _bnc |
||
| 505 | _aيشتمل على إرجاعات ببليوجرافية. | ||
| 590 | _ashimahisham | ||
| 650 | 7 |
_aالأدب العربي _xتاريخ _yالعصر الفاطمي (969-1171 م.) _2BUEsh |
|
| 651 | _2BUEsh | ||
| 653 |
_bARALIT _cJanuary2020 |
||
| 655 | _vReading book | ||
| 942 |
_cBB _k892.7090034 س ل ا _2ddc |
||